Statistics for Random Greek Adjective Translation

Click here to take the quiz!

General Stats

  • This quiz has been taken 15 times
  • The average score is 7 of 10

Answer Stats

HintAnswer% Correct
Youngνέος
100%
Seriousσοβαρός
100%
Funnyαστείος
100%
Cowardδειλός
75%
Dirtyβρώμικος
75%
Freshφρέσκος
75%
Staleμπαγιάτικος
50%
Oldγερός
25%
Braveγενναιός
25%
Cleanκαθαράς
25%

Score Distribution

Percentile by Number Answered

Percent of People with Each Score

Your Score History

You have not taken this quiz